[Event "Kronborg Chess Open 2025 Master2"]
[Site "Snekkersten"]
[Date "2025.05.29"]
[Round "1"]
[White "Brattgjerd, Isak Vinh"]
[Black "Zander, Emil"]
[Result "0-1"]
[WhiteElo "2208"]
[BlackElo "2181"]
[WhiteFideId "1549880"]
[BlackFideId "1467123"]
[EventDate "2025.05.29"]
[EventType "tourn"]
[EventRounds "7"]
[EventCountry "DEN"]
[SourceTitle "Live v. Helsingor Chess on ChessCom"]

1. d4 Nf6 2. Bf4 d5 3. e3 c5 4. Nf3 Nc6 5. c3 Qb6 6. Qb3 c4 7. Qxb6 axb6 8. Na3 Bf5 9. Nb5 Ra5 10. Nc7+ Kd8 11. h3 e6 12. g4 Bg6 13. Be2 b5 14. O-O Ne4 15. b4 Nxc3 16. bxa5 Nxe2+ 17. Kh2 Nxf4 18. Nxb5 Nd3 19. Nh4 Bb4 20. a3 Bxa5 21. f4 Be4 22. Nd6 Ke7 23. Nxe4 dxe4 24. Rab1 b6 25. f5 c3 26. fxe6 fxe6 27. d5 c2 28. Rbc1 Nxc1 29. Rxc1 exd5 30. Rxc2 Kd7 31. Nf5 g6 32. Nh6 Ne5 33. g5 Rc8 34. Rxc8 Kxc8 35. Ng8 d4 36. exd4 e3 0-1

[Event "Kronborg Chess Open 2025 Master2"]
[Site "Snekkersten"]
[Date "2025.05.29"]
[Round "1"]
[White "Jorgensen, Dennis"]
[Black "Sandmann, Villads Majvang"]
[Result "1/2-1/2"]
[WhiteElo "2180"]
[BlackElo "2225"]
[WhiteFideId "1408380"]
[BlackFideId "1472313"]
[EventDate "2025.05.29"]
[EventType "tourn"]
[EventRounds "7"]
[EventCountry "DEN"]
[SourceTitle "Live v. Helsingor Chess on ChessCom"]

1. d4 Nf6 2. Nf3 e6 3. g3 b5 4. Bg2 Bb7 5. O-O c5 6. a4 a6 7. axb5 axb5 8. Rxa8 Bxa8 9. c3 Be7 10. Bg5 cxd4 11. cxd4 O-O 12. Nbd2 Ne4 13. Bxe7 Qxe7 14. Nxe4 Bxe4 15. Qd2 Nc6 16. Ra1 Qd6 17. e3 Qd5 18. Qd1 Rc8 19. Ne1 Bxg2 20. Nxg2 Nb4 21. Nf4 Qc4 22. Qf3 d5 23. Qg4 Qc2 24. Ra7 Nd3 25. Nxd3 Qxd3 26. Kg2 b4 27. Qf4 Rf8 28. Rb7 b3 29. Qd6 Qe4+ 30. Kg1 Qb1+ 31. Kg2 Qe4+ 32. Kg1 Qb1+ 33. Kg2 Qe4+ 1/2-1/2

[Event "Kronborg Chess Open 2025 Master2"]
[Site "Snekkersten"]
[Date "2025.05.29"]
[Round "1"]
[White "Jarlskov, Daniel Tuk Hartso"]
[Black "Meskenas, Paulius"]
[Result "1/2-1/2"]
[WhiteElo "2195"]
[BlackElo "2164"]
[WhiteFideId "1463896"]
[BlackFideId "12809969"]
[EventDate "2025.05.29"]
[EventType "tourn"]
[EventRounds "7"]
[EventCountry "DEN"]
[SourceTitle "Live v. Helsingor Chess on ChessCom"]

1. d4 Nf6 2. c4 g6 3. h4 c5 4. d5 b5 5. cxb5 a6 6. bxa6 Bxa6 7. Nc3 d6 8. e4 Bxf1 9. Kxf1 Bg7 10. g3 O-O 11. Kg2 Nbd7 12. Nge2 Qb6 13. Qc2 Rfb8 14. Rb1 Ne5 15. Nf4 h5 16. Nd3 Neg4 17. f3 c4 18. Nf2 Nxf2 19. Qxf2 Nd7 20. Be3 Qb4 21. Ba7 Bxc3 22. bxc3 Qxb1 23. Rxb1 Rxb1 24. Qc2 Rb5 25. Bd4 Nc5 26. Bxc5 Rxc5 27. g4 Rca5 28. Kg3 Rxa2 29. Qc1 hxg4 30. Kxg4 Rg2+ 31. Kh3 Raa2 32. Qf1 Rge2 33. Qg1 Red2 34. Qb6 Rd3 35. Qd8+ Kg7 36. Kg3 Ra3 37. h5 Raxc3 38. h6+ Kh7 39. Qf8 Rxf3+ 40. Kg2 Rg3+ 1/2-1/2

[Event "Kronborg Chess Open 2025 Master2"]
[Site "Snekkersten"]
[Date "2025.05.29"]
[Round "2"]
[White "Brattgjerd, Isak Vinh"]
[Black "Jorgensen, Dennis"]
[Result "1-0"]
[WhiteElo "2208"]
[BlackElo "2180"]
[WhiteFideId "1549880"]
[BlackFideId "1408380"]
[EventDate "2025.05.29"]
[EventType "tourn"]
[EventRounds "7"]
[EventCountry "DEN"]
[SourceTitle "Live v. Helsingor Chess on ChessCom"]

1. e4 c6 2. d4 d5 3. e5 Bf5 4. Nf3 e6 5. Be2 h6 6. O-O Ne7 7. a4 Nd7 8. a5 a6 9. b4 g5 10. Ne1 Bg7 11. f4 gxf4 12. Bd3 Nf8 13. Nc3 Nfg6 14. Bxf4 Nxf4 15. Rxf4 h5 16. Kh1 Bh6 17. Qxh5 Kd7 18. Qf3 Bxf4 19. Qxf4 Qg8 20. Ne2 Qh7 21. Bxf5 Nxf5 22. Nf3 Rag8 23. Kg1 Qh3 24. Ng3 Rg4 25. Qxf5 Rxg3 26. Qxh3 1-0

[Event "Kronborg Chess Open 2025 Master2"]
[Site "Snekkersten"]
[Date "2025.05.29"]
[Round "2"]
[White "Sandmann, Villads Majvang"]
[Black "Jarlskov, Daniel Tuk Hartso"]
[Result "1-0"]
[WhiteElo "2225"]
[BlackElo "2195"]
[WhiteFideId "1472313"]
[BlackFideId "1463896"]
[EventDate "2025.05.29"]
[EventType "tourn"]
[EventRounds "7"]
[EventCountry "DEN"]
[SourceTitle "Live v. Helsingor Chess on ChessCom"]

1. e4 c6 2. d4 d5 3. e5 c5 4. dxc5 e6 5. Bd3 Bxc5 6. Qg4 Bf8 7. Nf3 Nc6 8. O-O h5 9. Qf4 Nh6 10. c3 Qc7 11. Re1 Bc5 12. Nbd2 Bd7 13. Nb3 Be7 14. Nfd4 Nxd4 15. cxd4 Bb4 16. Bd2 Bxd2 17. Qxd2 g6 18. Rec1 Qb6 19. Nc5 Bb5 20. Bxb5+ Qxb5 21. a4 Qb6 22. Ra3 Rc8 23. Rb3 Qc6 24. Rcc3 b6 25. Ne4 Qb7 26. Rxc8+ Qxc8 1-0

[Event "Kronborg Chess Open 2025 Master2"]
[Site "Snekkersten"]
[Date "2025.05.29"]
[Round "2"]
[White "Meskenas, Paulius"]
[Black "Christensen, Janus"]
[Result "1-0"]
[WhiteElo "2164"]
[BlackElo "2162"]
[WhiteFideId "12809969"]
[BlackFideId "1408402"]
[EventDate "2025.05.29"]
[EventType "tourn"]
[EventRounds "7"]
[EventCountry "DEN"]
[SourceTitle "Live v. Helsingor Chess on ChessCom"]

1. e4 e6 2. d4 d5 3. e5 c5 4. c3 Nc6 5. Nf3 Qb6 6. Be2 Nh6 7. Na3 cxd4 8. cxd4 Bb4+ 9. Kf1 Nf5 10. Nc2 Be7 11. g4 Nh4 12. Nxh4 Bxh4 13. a3 Nxe5 14. Be3 Nc6 15. b4 O-O 16. Rg1 Qc7 17. Bf3 Ne7 18. Ne1 Bd7 19. Be2 Qxh2 20. Nf3 Qh3+ 21. Ke1 g5 22. Bf1 Bxf2+ 23. Kxf2 Qh6 24. Bxg5 Qg7 25. Bxe7 Rfe8 26. Bh4 f6 27. g5 f5 28. g6 h6 29. Ne5 Rac8 30. Qd2 Ba4 31. Bd3 Rc7 32. Rac1 Rec8 33. Rxc7 Rxc7 34. Rc1 1-0

[Event "Kronborg Chess Open 2025 Master2"]
[Site "Snekkersten"]
[Date "2025.05.30"]
[Round "3"]
[White "Christensen, Janus"]
[Black "Sandmann, Villads Majvang"]
[Result "1/2-1/2"]
[WhiteElo "2162"]
[BlackElo "2225"]
[WhiteFideId "1408402"]
[BlackFideId "1472313"]
[EventDate "2025.05.29"]
[EventType "tourn"]
[EventRounds "7"]
[EventCountry "DEN"]
[SourceTitle "Live v. Helsingor Chess on ChessCom"]

1. d4 Nf6 2. c4 e6 3. Nc3 Bb4 4. a3 Bxc3+ 5. bxc3 c5 6. Qc2 Nc6 7. Nf3 O-O 8. e4 d6 9. Bd3 e5 10. Be3 Ng4 11. O-O Nxe3 12. fxe3 Qe7 13. Rab1 b6 14. Qf2 Ba6 15. Qg3 g6 16. d5 Na5 17. Nd2 Qd7 18. Rf6 Rab8 19. Qg5 Kg7 20. Rbf1 Qd8 21. a4 Rb7 22. R1f3 Rd7 23. Rh3 Rh8 24. Rhf3 Rf8 25. h4 h6 26. Qg4 Bc8 27. h5 Qxf6 28. Rxf6 Kxf6 29. Nf3 Rc7 30. Qh4+ g5 31. Qg3 Bd7 32. Nh2 Kg7 33. Ng4 f6 34. Qf3 Nb7 35. Bc2 Na5 36. Bd3 Bc8 37. Nf2 Rcf7 38. g4 Bd7 39. Qd1 Rb8 40. Nh1 Nb7 41. Kh2 Kh7 42. Ng3 Rbf8 43. Kh3 Rd8 44. Bc2 Rdf8 45. Qf1 Rd8 46. Nf5 Bc8 47. Ng3 Na5 48. Nf5 Nb7 49. Ng3 Na5 1/2-1/2

[Event "Kronborg Chess Open 2025 Master2"]
[Site "Snekkersten"]
[Date "2025.05.30"]
[Round "3"]
[White "Jorgensen, Dennis"]
[Black "Zander, Emil"]
[Result "0-1"]
[WhiteElo "2180"]
[BlackElo "2181"]
[WhiteFideId "1408380"]
[BlackFideId "1467123"]
[EventDate "2025.05.29"]
[EventType "tourn"]
[EventRounds "7"]
[EventCountry "DEN"]
[SourceTitle "Live v. Helsingor Chess on ChessCom"]

1. d4 Nf6 2. Nf3 d5 3. c4 e6 4. e3 Be7 5. Nbd2 O-O 6. Bd3 b6 7. O-O Bb7 8. b3 Nbd7 9. Bb2 Ne4 10. Rc1 Bd6 11. Rc2 Qe7 12. Qe2 a5 13. Rfc1 a4 14. cxd5 exd5 15. Bb5 a3 16. Ba1 Ndf6 17. Ne5 Nxd2 18. Rxd2 c5 19. Rdc2 Rfc8 20. Ng4 Ne4 21. f3 Ng5 22. Ne5 Ne6 23. Qf2 cxd4 24. exd4 Qg5 25. Bc6 Bxe5 26. dxe5 Bxc6 27. h4 Qh6 28. Rxc6 Qxc1+ 29. Rxc1 Rxc1+ 30. Kh2 Rxa1 31. f4 Rxa2 32. Qxa2 Nxf4 33. b4 d4 34. g3 Nd3 35. Qd5 Rf8 36. Qb3 Nxe5 37. Qxa3 d3 38. Qc3 d2 39. Qc2 Rd8 0-1

[Event "Kronborg Chess Open 2025 Master2"]
[Site "Snekkersten"]
[Date "2025.05.30"]
[Round "3"]
[White "Jarlskov, Daniel Tuk Hartso"]
[Black "Brattgjerd, Isak Vinh"]
[Result "1/2-1/2"]
[WhiteElo "2195"]
[BlackElo "2208"]
[WhiteFideId "1463896"]
[BlackFideId "1549880"]
[EventDate "2025.05.29"]
[EventType "tourn"]
[EventRounds "7"]
[EventCountry "DEN"]
[SourceTitle "Live v. Helsingor Chess on ChessCom"]

1. d4 Nf6 2. c4 e6 3. Nf3 d5 4. g3 Bb4+ 5. Bd2 Be7 6. Bg2 O-O 7. O-O c6 8. Qc2 Nbd7 9. Rd1 a5 10. Bg5 h6 11. Bxf6 Nxf6 12. Nbd2 b6 13. Ne5 Bb7 14. cxd5 cxd5 15. Rac1 Bd6 16. Nd3 a4 17. Nb1 Qd7 18. Nc3 Rfc8 19. Qd2 Rc7 20. a3 Rac8 21. Na2 Rc4 22. e3 Rxc1 23. Rxc1 Ba6 24. Ne5 Bxe5 25. dxe5 Ng4 26. Nb4 Rxc1+ 27. Qxc1 Qc8 28. Qxc8+ Bxc8 29. Nc6 Bd7 30. h3 Nxe3 31. Nb8 Nxg2 32. Nxd7 Ne1 33. Nxb6 Nf3+ 34. Kf1 Nxe5 35. Nxa4 Nc4 36. Ke2 Kf8 37. Kd3 Ke7 38. Kc2 Kd6 39. Nc3 e5 40. a4 d4 41. Ne4+ Kd5 42. Nd2 Nd6 43. f3 f5 44. a5 e4 45. a6 d3+ 46. Kd1 Kc6 47. fxe4 fxe4 48. Nb3 Nc4 49. a7 Nb6 50. Kd2 Kb7 51. Nc5+ Kxa7 52. b3 Nd5 53. Nxe4 Nb4 54. Kc3 Nc6 55. Kxd3 Kb6 56. Kc4 Ne7 57. Kd4 Kc6 58. Ke5 Kd7 59. Nc5+ Ke8 60. Ne4 Kd7 61. Nc5+ Ke8 62. Ne6 Kf7 63. Nd4 g5 64. Nf5 Ng6+ 65. Ke4 h5 66. b4 Kf6 67. b5 Ne5 68. b6 Nd7 1/2-1/2

[Event "Kronborg Chess Open 2025 Master2"]
[Site "Snekkersten"]
[Date "2025.05.30"]
[Round "4"]
[White "Zander, Emil"]
[Black "Meskenas, Paulius"]
[Result "1-0"]
[WhiteElo "2181"]
[BlackElo "2164"]
[WhiteFideId "1467123"]
[BlackFideId "12809969"]
[EventDate "2025.05.29"]
[EventType "tourn"]
[EventRounds "7"]
[EventCountry "DEN"]
[SourceTitle "Live v. Helsingor Chess on ChessCom"]

1. e4 c5 2. Nf3 Nc6 3. Nc3 d6 4. d4 cxd4 5. Nxd4 e5 6. Nf3 Nf6 7. Bg5 Be7 8. Bxf6 gxf6 9. Qd2 a6 10. Bc4 f5 11. O-O fxe4 12. Nxe4 Be6 13. Bxe6 fxe6 14. Qh6 Qd7 15. Rfd1 d5 16. Qh5+ Kd8 17. Nxe5 Nxe5 18. Qxe5 Rf8 19. c4 Rf5 20. Qh8+ Qe8 21. Qxh7 Rc8 22. cxd5 Rxd5 23. Rxd5+ exd5 24. Nc3 d4 25. Rd1 Bf6 26. Ne4 Be5 27. Qxb7 Qh5 28. Qb6+ Kd7 29. Rxd4+ Bxd4 30. Qxd4+ Kc7 31. Qa7+ Kd8 32. Qb6+ Rc7 33. Qb8+ Kd7 34. Nf6+ Ke6 35. Qb6+ Kf5 36. g4+ 1-0

[Event "Kronborg Chess Open 2025 Master2"]
[Site "Snekkersten"]
[Date "2025.05.30"]
[Round "4"]
[White "Jorgensen, Dennis"]
[Black "Jarlskov, Daniel Tuk Hartso"]
[Result "1/2-1/2"]
[WhiteElo "2180"]
[BlackElo "2195"]
[WhiteFideId "1408380"]
[BlackFideId "1463896"]
[EventDate "2025.05.29"]
[EventType "tourn"]
[EventRounds "7"]
[EventCountry "DEN"]
[SourceTitle "Live v. Helsingor Chess on ChessCom"]

1. Nf3 d5 2. c4 e6 3. g3 Nf6 4. Bg2 Be7 5. O-O O-O 6. d4 c5 7. cxd5 exd5 8. Nc3 Nc6 9. Bf4 c4 10. Ne5 Be6 11. Nxc4 dxc4 12. d5 Nxd5 13. Nxd5 Bxd5 14. Qxd5 Qxd5 15. Bxd5 g5 16. Bd2 Rad8 17. e4 Nd4 18. Kg2 b5 19. Rad1 Ne6 1/2-1/2

[Event "Kronborg Chess Open 2025 Master2"]
[Site "Snekkersten"]
[Date "2025.05.30"]
[Round "4"]
[White "Brattgjerd, Isak Vinh"]
[Black "Christensen, Janus"]
[Result "1-0"]
[WhiteElo "2208"]
[BlackElo "2162"]
[WhiteFideId "1549880"]
[BlackFideId "1408402"]
[EventDate "2025.05.29"]
[EventType "tourn"]
[EventRounds "7"]
[EventCountry "DEN"]
[SourceTitle "Live v. Helsingor Chess on ChessCom"]

1. e4 e5 2. Nf3 Nc6 3. Bb5 a6 4. Ba4 g6 5. d4 exd4 6. Nxd4 Bg7 7. Nxc6 bxc6 8. O-O Ne7 9. f4 O-O 10. f5 f6 11. Bb3+ d5 12. Nc3 Kh8 13. fxg6 dxe4 14. Qxd8 Rxd8 15. Nxe4 Bf5 16. Nc5 hxg6 17. Ne6 Bxe6 18. Bxe6 Rd6 19. Bb3 Nd5 20. Rf3 f5 21. Rh3+ Kg8 22. c4 Bd4+ 23. Kf1 Nf6 24. c5+ Rd5 25. Rd3 Bxc5 26. Bf4 Kg7 27. Bxd5 Nxd5 28. Be5+ Kf7 29. Rc1 Re8 30. Rxc5 Rxe5 31. Rxc6 Ne3+ 32. Rxe3 Rxe3 33. Rxc7+ Kf8 34. Rc6 a5 35. Rxg6 Kf7 36. Ra6 Re5 37. g3 Rb5 38. b3 Rc5 39. a4 Ke7 40. Rb6 Rc2 41. h3 Rh2 42. Rb5 f4 43. gxf4 Rxh3 44. Ke2 Ke6 45. Kd2 Rf3 46. Kc2 Rxf4 47. Rxa5 1-0

[Event "Kronborg Chess Open 2025 Master2"]
[Site "Snekkersten"]
[Date "2025.05.31"]
[Round "5"]
[White "Nilssen, Ellen Fredericia"]
[Black "Brattgjerd, Isak Vinh"]
[Result "0-1"]
[WhiteElo "2160"]
[BlackElo "2208"]
[WhiteFideId "1441230"]
[BlackFideId "1549880"]
[EventDate "2025.05.29"]
[EventType "tourn"]
[EventRounds "7"]
[EventCountry "DEN"]
[SourceTitle "Live v. Helsingor Chess on ChessCom"]

1. d4 Nf6 2. c4 e6 3. Nf3 Bb4+ 4. Bd2 Qe7 5. g3 Bxd2+ 6. Qxd2 Nc6 7. Bg2 Ne4 8. Qc2 Qb4+ 9. Kf1 d5 10. e3 dxc4 11. a3 Qb5 12. Ne1 Nd6 13. Nc3 Qa6 14. f4 O-O 15. Kf2 b5 16. Nf3 Bb7 17. Ng5 g6 18. h4 Nf5 19. Nce4 Rad8 20. Nc5 Qb6 21. Nxb7 Nxe3 22. Qe2 Rxd4 23. Bxc6 Nf5 24. Kg2 Qxc6+ 25. Qf3 Rd5 26. Ne4 Nd4 27. Qc3 Qxb7 28. Rad1 f5 29. Kh3 fxe4 30. Rxd4 e5 31. Rxe4 Rd4 32. Ree1 Rfxf4 33. Qc2 Rxh4+ 34. gxh4 Qf3+ 35. Kh2 Rxh4+ 36. Kg1 Rxh1# 0-1

[Event "Kronborg Chess Open 2025 Master2"]
[Site "Snekkersten"]
[Date "2025.05.31"]
[Round "5"]
[White "Christensen, Janus"]
[Black "Jorgensen, Dennis"]
[Result "0-1"]
[WhiteElo "2162"]
[BlackElo "2180"]
[WhiteFideId "1408402"]
[BlackFideId "1408380"]
[EventDate "2025.05.29"]
[EventType "tourn"]
[EventRounds "7"]
[EventCountry "DEN"]
[SourceTitle "Live v. Helsingor Chess on ChessCom"]

1. e4 g6 2. d4 Bg7 3. Nf3 c6 4. Nc3 d5 5. e5 Bg4 6. Be2 e6 7. O-O Ne7 8. a4 O-O 9. Ng5 Bxe2 10. Nxe2 c5 11. c3 Nbc6 12. f4 cxd4 13. cxd4 Qb6 14. Ra3 h6 15. Nf3 Na5 16. Qd3 Rfc8 17. Bd2 Nec6 18. Bc3 Nb4 19. Qb5 Bf8 20. Raa1 Rc6 21. Ng3 Nc4 22. Qxb6 axb6 23. Ne2 Nd3 24. b3 Ne3 25. Rfb1 Nxf4 26. Nxf4 Rxc3 27. Kf2 Nc2 28. Ra2 Nb4 29. Rd2 Rac8 30. Ne1 h5 31. Ne2 R3c7 32. Ra1 Bh6 33. Rb2 Kf8 34. Rd1 Ke7 35. h3 Nc6 36. g4 hxg4 37. hxg4 f6 38. exf6+ Kxf6 39. Nf3 Nb4 40. Ne5 Nc2 41. Nf3 Be3+ 42. Kg3 Nb4 43. Rf1 Kg7 44. Ne5 Bg5 45. Rf3 Nc6 46. Rb1 Bf6 47. Re3 Rf8 48. Rd1 Nxe5 49. dxe5 Bg5 50. Red3 Rc2 51. Re1 Bd2 52. Rd1 Bg5 53. Re1 Rh8 54. Nd4 Bh4+ 55. Kf3 Rf8+ 56. Nf5+ gxf5 57. Rh1 Rf2+ 58. Ke3 f4+ 59. Kd4 Bg3 60. Rc1 Rf7 61. Rc8 Re2 62. Rd1 f3 63. Kd3 Bxe5 0-1

[Event "Kronborg Chess Open 2025 Master2"]
[Site "Snekkersten"]
[Date "2025.05.31"]
[Round "5"]
[White "Jarlskov, Daniel Tuk Hartso"]
[Black "Zander, Emil"]
[Result "1/2-1/2"]
[WhiteElo "2195"]
[BlackElo "2181"]
[WhiteFideId "1463896"]
[BlackFideId "1467123"]
[EventDate "2025.05.29"]
[EventType "tourn"]
[EventRounds "7"]
[EventCountry "DEN"]
[SourceTitle "Live v. Helsingor Chess on ChessCom"]

1. d4 Nf6 2. c4 e6 3. Nf3 d5 4. g3 dxc4 5. Bg2 c5 6. O-O Nc6 7. dxc5 Qxd1 8. Rxd1 Bxc5 9. Nbd2 c3 10. bxc3 O-O 11. Nc4 Ne4 12. Be3 Bxe3 13. Nxe3 Nxc3 14. Rd3 Na4 15. Nd4 Nxd4 16. Rxd4 Nb6 17. Nc4 Nd5 18. Nd6 Rd8 19. Nxc8 Raxc8 20. Rad1 Re8 21. Bxd5 exd5 22. Rxd5 Rxe2 23. Rd8+ Re8 24. R8d7 Rb8 25. Rc7 Rec8 26. Re7 1/2-1/2

[Event "Kronborg Chess Open 2025 Master2"]
[Site "Snekkersten"]
[Date "2025.05.31"]
[Round "6"]
[White "Brattgjerd, Isak Vinh"]
[Black "Meskenas, Paulius"]
[Result "1/2-1/2"]
[WhiteElo "2208"]
[BlackElo "2164"]
[WhiteFideId "1549880"]
[BlackFideId "12809969"]
[EventDate "2025.05.29"]
[EventType "tourn"]
[EventRounds "7"]
[EventCountry "DEN"]
[SourceTitle "Live v. Helsingor Chess on ChessCom"]

1. d4 Nf6 2. Nc3 d5 3. Bf4 Bf5 4. e3 e6 5. Bd3 Nc6 6. Nf3 a6 7. Ne5 Nxe5 8. Bxe5 Bg6 9. O-O c5 10. a3 Bd6 11. Bg3 1/2-1/2

[Event "Kronborg Chess Open 2025 Master2"]
[Site "Snekkersten"]
[Date "2025.05.31"]
[Round "6"]
[White "Jorgensen, Dennis"]
[Black "Nilssen, Ellen Fredericia"]
[Result "0-1"]
[WhiteElo "2180"]
[BlackElo "2160"]
[WhiteFideId "1408380"]
[BlackFideId "1441230"]
[EventDate "2025.05.29"]
[EventType "tourn"]
[EventRounds "7"]
[EventCountry "DEN"]
[SourceTitle "Live v. Helsingor Chess on ChessCom"]

1. Nf3 c5 2. g3 g6 3. c4 Bg7 4. Bg2 Nc6 5. Nc3 d6 6. d3 e5 7. O-O Nge7 8. Ne1 h5 9. Nc2 h4 10. Ne3 Be6 11. Ned5 Qd7 12. e3 O-O-O 13. Qe2 Rh7 14. Nxe7+ Nxe7 15. Ne4 f6 16. f3 hxg3 17. hxg3 Rdh8 18. g4 Rh2 19. Qe1 f5 20. Ng5 fxg4 21. Nxe6 Qxe6 22. Qg3 Qd7 0-1

[Event "Kronborg Chess Open 2025 Master2"]
[Site "Snekkersten"]
[Date "2025.05.31"]
[Round "6"]
[White "Jarlskov, Daniel Tuk Hartso"]
[Black "Christensen, Janus"]
[Result "1-0"]
[WhiteElo "2195"]
[BlackElo "2162"]
[WhiteFideId "1463896"]
[BlackFideId "1408402"]
[EventDate "2025.05.29"]
[EventType "tourn"]
[EventRounds "7"]
[EventCountry "DEN"]
[SourceTitle "Live v. Helsingor Chess on ChessCom"]

1. d4 Nf6 2. c4 g6 3. h4 Bg7 4. Nc3 d6 5. e4 Nc6 6. Nge2 O-O 7. f3 e5 8. Be3 exd4 9. Nxd4 Nh5 10. Nce2 Ne5 11. Qc2 c5 12. Nb3 Be6 13. Nd2 Qa5 14. Nf4 Ng3 15. Nxe6 fxe6 16. Rh3 Ng4 17. Bg1 Be5 18. Bd3 Nf6 19. a3 Ngh5 20. Bh2 Nf4 21. Bxf4 Bxf4 22. O-O-O Nh5 23. g4 Ng7 24. e5 Bxe5 25. h5 Bf4 26. hxg6 h6 27. Kb1 Rac8 28. Ne4 d5 29. Nc3 b5 30. Nxb5 Rb8 31. Rdh1 Rxb5 32. cxb5 c4 33. Rxh6 Bxh6 34. Rxh6 Rxf3 35. Qh2 Kf8 36. Qd6+ Kg8 37. Qb8+ Rf8 38. Rh8+ Kxh8 39. Qxf8# 1-0

[Event "Kronborg Chess Open 2025 Master2"]
[Site "Snekkersten"]
[Date "2025.06.01"]
[Round "7"]
[White "Sandmann, Villads Majvang"]
[Black "Brattgjerd, Isak Vinh"]
[Result "0-1"]
[WhiteElo "2225"]
[BlackElo "2208"]
[WhiteFideId "1472313"]
[BlackFideId "1549880"]
[EventDate "2025.05.29"]
[EventType "tourn"]
[EventRounds "7"]
[EventCountry "DEN"]
[SourceTitle "Live v. Helsingor Chess on ChessCom"]

1. e4 c6 2. Nf3 d5 3. d3 g6 4. Nbd2 Bg7 5. g3 e6 6. Bg2 Ne7 7. O-O O-O 8. Re1 c5 9. e5 Qc7 10. c3 Nbc6 11. d4 cxd4 12. cxd4 b6 13. Nf1 Ba6 14. Ne3 Rfc8 15. Qd2 Bh6 16. b3 Nf5 17. Ba3 Qb7 18. g4 Nxe3 19. fxe3 Bb5 20. Qf2 Bd3 21. Qh4 Bg7 22. Rad1 Qa6 23. Bd6 h6 24. Rd2 Be4 25. Rf2 Qa5 26. Ref1 Qc3 27. Ne1 g5 28. Qg3 Bg6 29. Bh1 a5 30. Ng2 a4 31. bxa4 Rxa4 32. a3 Na5 33. h4 Nc4 34. h5 Bd3 35. Rxf7 Nxd6 36. Qf3 Nxf7 37. Qxf7+ Kh8 38. Rf6 Qc7 39. Qxe6 Bxf6 40. exf6 Rf8 41. Ne1 Qg3+ 42. Ng2 Rxa3 0-1

[Event "Kronborg Chess Open 2025 Master2"]
[Site "Snekkersten"]
[Date "2025.06.01"]
[Round "7"]
[White "Meskenas, Paulius"]
[Black "Jorgensen, Dennis"]
[Result "1-0"]
[WhiteElo "2164"]
[BlackElo "2180"]
[WhiteFideId "12809969"]
[BlackFideId "1408380"]
[EventDate "2025.05.29"]
[EventType "tourn"]
[EventRounds "7"]
[EventCountry "DEN"]
[SourceTitle "Live v. Helsingor Chess on ChessCom"]

1. e4 g6 2. d4 Bg7 3. Be3 c6 4. Nc3 d5 5. exd5 cxd5 6. h4 h5 7. f3 Nh6 8. Nge2 Nc6 9. Bf2 e6 10. Qd3 Na5 11. O-O-O Bd7 12. Nf4 Qf6 13. g3 O-O 14. Qd2 b6 15. Ba6 Rab8 16. Rdg1 b5 17. Ncxd5 exd5 18. Qxa5 Qb6 19. Qa3 b4 20. Qd3 Qa5 21. Qf1 Qxa2 22. Bd3 Qa1+ 23. Kd2 Qxb2 24. Qa1 Qc3+ 25. Qxc3 bxc3+ 26. Kxc3 Rfc8+ 27. Kd2 Bb5 28. Nxd5 Kf8 29. Rb1 Bc6 30. Nc3 Bxf3 31. Rxb8 Rxb8 32. Ra1 Ng4 33. Bg1 Bh6+ 34. Ke1 Re8+ 35. Ne2 Re7 36. d5 Ne3 37. d6 Rd7 38. Ra6 Nd5 39. Bc5 Bg7 40. c4 Nb6 41. Ba3 Nc8 42. c5 Bb7 43. c6 1-0

[Event "Kronborg Chess Open 2025 Master2"]
[Site "Snekkersten"]
[Date "2025.06.01"]
[Round "7"]
[White "Nilssen, Ellen Fredericia"]
[Black "Jarlskov, Daniel Tuk Hartso"]
[Result "0-1"]
[WhiteElo "2160"]
[BlackElo "2195"]
[WhiteFideId "1441230"]
[BlackFideId "1463896"]
[EventDate "2025.05.29"]
[EventType "tourn"]
[EventRounds "7"]
[EventCountry "DEN"]
[SourceTitle "Live v. Helsingor Chess on ChessCom"]

1. d4 d5 2. c4 e6 3. Nc3 c5 4. e3 Nf6 5. Nf3 Nc6 6. a3 cxd4 7. exd4 Be7 8. Bd3 O-O 9. O-O dxc4 10. Bxc4 a6 11. Qd3 b5 12. Bb3 b4 13. Na4 e5 14. Ng5 Qxd4 15. Qc2 Bb7 16. Be3 Qg4 17. f3 Qh5 18. Qf2 Na5 19. Bc2 Nc4 20. Bc1 h6 21. Nh3 Rac8 22. axb4 Bxb4 23. b3 Nd6 24. Ra2 Nd5 25. Rd1 Nb5 26. Rxd5 Bxd5 27. Be3 Nc3 28. Nxc3 Rxc3 29. Kh1 Rfc8 30. Ng1 f5 31. Qe2 Qf7 32. Bb1 Rxb3 33. Rb2 Bc4 34. Qc2 Be6 35. Qe2 a5 36. Rxb3 Bxb3 37. Qb5 Qd5 38. Qa6 Qc6 39. Qd3 Be6 40. Ne2 Qc4 41. Qd1 Qb3 42. Qg1 a4 43. g4 fxg4 44. Be4 Bd5 45. Bxd5+ Qxd5 46. Qxg4 Rf8 47. Ng1 Qd6 48. Ne2 a3 49. Kg2 Kh8 50. Qc4 Ra8 51. Qe4 Rd8 52. Qc4 Qd3 0-1